000 00671nam a2200265Ia 4500
003 OSt
005 20221005065920.0
006 a|||||r|||| 00| 0
007 ta
008 221004b |||||||| |||| 00| 0 hin d
024 _a23797
037 _cTextual
040 _aCRL
_cCRL
_bhin
041 _2hin
_ahin
082 _aX.44, N9 (NT)
100 _aMishra S K
245 0 _aBharatiya arthvyavastha
250 _a11th
260 _aMumbai
_bHimalaya India
_c1999
300 _a662p.
_ccm.
650 _aECONOMICS
700 _a Puri V K
942 _hX.44, N9 (NT)
_cTEXL
_2cc
999 _c975425
_d975425